000 00695nam a22002297a 4500
003 OSt
005 20140310183014.0
008 130212t xxu||||| |||| 00| 0 eng d
020 _a9719178651
050 _aKPM 1065
_b.M381 2006
100 _aTeodoro, Luis V. Jr.
245 _aMass media laws and regulations in the Philippines /
_cLuis V. Teodoro Jr. & Rosalinda V. Kabatay.
250 _a3rd ed.
260 _aOrtigas Center, Pasig City :
_bCenter for Research and Communication Foundations, Inc.,
_c2006.
300 _axxiii, 502 p. :
_c23 cm.
521 _aMC
562 _e1
650 _aMass Media
_xLaws
_xRegulations
942 _2lcc
_cBK
999 _c18275
_d18275